Quizzes
Events
Quiz Creation
Community
Videos
Private Events
Remove Ads
Sign In
Join for FREE
Feedback
Dark Mode
Quiz Categories
Sports
Geography
Music
Movies
Television
Just For Fun
Miscellaneous
History
Literature
Language
Science
Gaming
Entertainment
Religion
Holiday
For Kids
Quiz Lab
Recent
Popular Today
Quiz Kudos Today
Editor Picks
Curator Picks
Quizzes by...
Day
Popularity
Type
Ratings
Length
Year
Community
Subscriptions
Recent Discussions
Orange Saloon
Badges
Playlists
Quests
Create
Leaderboards
Showdown
Live 5
Trivia Bingo
Activity
Puzzle Library
Sporcle Events
Private Events
Virtual Trivia
Globe League
Become a Host
Pub Owners
SporcleCon
Opinionation
Our Games
Videos
Blog
Mobile Apps
Partnerships
Remove Ads and Go Orange
Feedback
History
US Presidents
World Leaders
Politics
Nation
Discovery
War
Decade
Year
Century
Biography
Art
History
US Presidents
World Leaders
Politics
Nation
Discovery
War
Decade
Year
Century
Biography
Art
Random Quiz
Search Sporcle
×
Quiz Lab
Quiz Lab
History
Country
Type in answers that appear in a list
Type in answers that appear in a list
Classic
Best Score? Go Orange.
Total WW2 Casualties Stats
Can you name the All Countries Total Losses During WW2?
By
lpw88
7m
58 Questions
340 Plays
340 Plays
340 Plays
Comments
Comments
Give Quiz Kudos
Give Quiz Kudos
-
- Ratings
hide this ad
More Info
Random Order
Randomize order of answers
Randomize order of answers
Replay
Link that replays current quiz
Next Quiz
Link to next quiz in quiz playlist
You Got
0%
They Got
Avg Score
74%
Avg Friend Score
Upgrade to see
Score Distribution
Jump to the score distribution portion of the page
Score
0/58
Timer
07:00
0
Plays Today
Toatal Deaths
Country
% Correct
23,400,000
Soviet Union
96.8%
6.630-
8,680,000
Germany
96.5%
418,500
United States of America
96.5%
2.620-
3,120,000
Japan
94.4%
450,900
United Kingdom of Great Britain and Northern Ireland
94.1%
10-
20,000,000
China
93.8%
567,000
France
92.4%
457,000
Italy
92.1%
40,500
Australia
89.1%
45,400
Canada
89.1%
9,500
Norway
89.1%
5.620-
5,820,000
Poland
88.8%
1.578-
2,578,000
British India
88.2%
88,000
Belgium
86.8%
320-
805,100
Greece
86.5%
97,000
Finland
86.2%
2,000
Brazil
85.9%
1,027,000
Yugoslavia
85.9%
120,000
Austria (military losses included with German army)
85.6%
301,000
Netherlands
85.6%
11,900
New Zealand
85.6%
580,000
Hungary
85.3%
800,000
Romania
85.3%
3,200
Denmark
83.2%
100
Mexico
83.2%
325,000
Czechoslovakia
80.6%
230,000
Latvia
80.3%
2,000
Luxembourg
80.3%
600
Sweden
80.3%
Toatal Deaths
Country
% Correct
350,000
Lithuania
79.4%
25,000
Bulgaria
79.1%
50,000
Estonia
78.5%
11,900
South Africa
78.5%
200
Ireland
74.1%
30,000
Albania
73.8%
100
Switzerland
72.6%
7,600
Thailand
71.8%
557-
1,057,000
Philippines
71.5%
378-
483,000
Korea
71.2%
200
Iran
70.9%
272,000
Burma
67.9%
100,000
Malaya
64.7%
100
Cuba
64.4%
500
Iraq
63.2%
50,000
Singapore
62.9%
100,000
Ethiopia
62.4%
200
Iceland
60.6%
300
Mongolia
57.9%
1,500
Malta
55.9%
1-
1,500,000
French Indochina
55.6%
3-
4,000,000
Dutch East Indies
54.4%
8,900
Nepal (military losses included with British Indian armies)
49.1%
15,000
Papua and New Guinea
47.6%
500
Nauru
44.4%
0-
300,000
Ruanda-Urundi
36.2%
40-
70,000
Portuguese Timor
32.4%
100
Newfoundland (military losses included with UK armies)
30.9%
57,000
South Pacific Mandate
22.9%
Quiz Playlist
Details
Report
Send in Message
Add To Playlist
More Info:
These are the countries that suffered losses, military and/or civilian, during WW2.
Classic:
Type in answers that appear in a list
Random Order:
Randomize order of answers
Quiz Source
Last Updated: Feb 16, 2017
Quiz Scoreboard
CHALLENGE
Sign Up to Join the Scoreboard
Show All
Scores
Hide
Comments
May contain spoilers
Recently Published
College Basketball Coaching Resumes
by pancakes188
Sports
9m
Billboard Blitz: Fleetwood Mac
by CooCooCachoo
Music
15s
Presidents Visiting Landmarks
by Hejman
History
7m
More to Explore
Quiz From the Vault
Featured Blog Post
Where Did the Easter Bunny Come From?
hide this ad
You Might Also Like...
Tags
Country Quiz
Casualty
death
loss
total
World War II
Today's Top Quizzes in History
Browse History
hide this ad
Today's Top Quizzes in Country
Browse Country
Top Contributed Quizzes in History
1
Popular People in 1991
2
Popular People in 1981
3
Popular People in 1951
4
Popular People in 1941
5
Popular People in 1986
6
Popular People in 1976
7
Popular People in 1921
8
5-to-1: 20th Century Images of War
9
I Am Born On March 28th
10
Popular People in 1946
Explore More
Trending Topics
Disney
NBA
Harry Potter
Anime
Crossword
Marvel
Kpop
Puzzle
Soccer
Country
WWE
Song
Pokémon
The Office
NFL
hide this ad
More By:
lpw88
Quiz
Plays
Rating
Category
Featured
Created
The Walking Dead Trivia Game. Season 1-3
4,897
2.75
Television
Aug 8, 2012
God of War 3 characters
2,010
2.43
Gaming
Aug 2, 2010
American civil war
1,857
2.90
History
Oct 15, 2010
UEFA European Championship Participants
1,767
3.15
Sports
Jul 19, 2010
GTA 4 Characters
1,377
1.33
Gaming
Jul 28, 2010
Go to Creator's Profile
Score Distribution
Quiz Creator Spotlight
lpw88
Follow
Send a Message
Quizzes Created
-
Created Quiz Play Count
-
More By This Creator
Popular Quizzes Today
1
Find the US States - No Outlines Minefield
2
Find the Countries of Europe - No Outlines Minefield
3
The Countries of the World
4
Find the US States
5
Risky Map Clicking: Biggest States A-Z
6
US States
7
Popular People in 1961
8
Movies - When Are They Set?
More History Quizzes
Spanish Sports Cars
Quiz Lab
Trending Quizzes
Risky Map Clicking: Least Populous States A-Z
1-10 Letter G Words
1-10 Letter F Words
Risky Map Clicking: Next State Alphabetically
Risky Map Clicking: Biggest States A-Z
Recently Updated
Leaping Animals
pecheneg
Reality TV Shows (A-Z)
bhenderson79
Rickey Henderson's Hall of Fame Teammates
pecheneg
Champions League XIs: Arsenal
pecheneg
Quick Pick: Celebrities in WWE's Hall of Fame
aduchscher
A-Z Keypad Blitz II
pecheneg
Multiple Oscar Actors
pecheneg
Mystery Phrase Blitz: Oscar 'Best Actors'
pecheneg
F. Scott Fitzgerald Novels
LTH
Pick 3 Villains
ddd62291
Trending Topics
Disney
Harry Potter
Kpop
Crossword
NBA
Anime
Marvel
Country
Pokémon
Song
Puzzle
Soccer
The Office
WWE
NFL
Your Account Isn't Verified!
In order to create a playlist on Sporcle, you need to verify the email address you used during registration. Go to your
Sporcle Settings
to finish the process.
Report this User
Report this user for behavior that violates our
Community Guidelines
.
Details:
Send Report
Go to the Sporcle.com Mobile Site →
Comments